000 00668nam a2200253Ia 4500
003 OSt
005 20221005052050.0
006 a|||||r|||| 00| 0
007 ta
008 221004b |||||||| |||| 00| 0 eng d
020 _a0 552 99330 1
024 _a47717
037 _cTextual
040 _aCRL
_cCRL
_beng
041 _2eng
_aeng
082 _aO111,3N35,HB, M6
100 _aShapcott Thomas
_9518230
245 0 _aHotel bellevue
260 _aLondon
_bChatto and windus ltd. UK
_c1986
300 _a228p.
_ccm.
650 _aENGLISH LITERATURE
942 _hO111,3N35,HB, M6
_cTEXL
_2cc
999 _c959716
_d959716